000
00284nam a22001217a 4500
020
_a
0-85334-770-0
082
_a
620.118 ADV'P
100
_a
PIATTI, G
_9
76035
245
_a
ADVANCES IN COMPOSITE MATERIALS
260
_a
LONDON
_b
APPLIED SCIENCE
_c
1978
300
_a
405P
942
_c
BK
999
_c
581436
_d
581436